Hanon complete (Registro nro. 322323)

Detalles MARC
000 -ENCABEZADO
Número de control [NR] 00649nam a22001817a 4500
005 - FECHA Y HORA DE LA ÚLTIMA TRANSACCIÓN
control field 20230224114600.0
008 - DE LONGITUD FIJA DE DATOS DE ELEMENTOS - INFORMACIÓN GENERAL
Elementos de longitud fija [NR] 230224s1995 xxu |||gr|||| 00| 0 eng d
040 ## - FUENTE DE CATALOGACION [NR]
Agencia de catalogación original [NR] CO-BoUCM
Idioma de catalogación [NR] spa
Quien Cataloga Deissy Garcia
Quien Clasifica Deissy Garcia
041 0# - CODIGO DE IDIOMA [R]
Código de idioma para texto/pista de sonido o título separado [R] Inglés
100 1# - ASIENTO PRINCIPAL--NOMBRE PERSONAL [NR]
ID Autoridad 176875
Nombre personal [NR] Hanon, Charles Louis
Fechas asociadas con el nombre [NR] 1820-1900
245 10 - MENCION DE TITULO [NR]
Título [NR] Hanon complete
Parte restante del título [NR] the virtuoso pianist: sixty exercises
Mención de responsabilidad, etc. [NR] Hanon
260 ## - PUBLICACION, DISTRIBUCION, ETC. (PIE DE IMPRENTA) [R]
Lugar de publicación, distribución, etc. [R] Estados Unidos
Nombre del editor, distribuidor, etc. [R] J.T. Publications
Fecha de publicación, distribución, etc. [R] 1995
300 ## - DESCRIPCION FISICA [R]
Extensión [R] 1 partitura (115 páginas)
650 #7 - ASIENTO SECUNDARIO DE MATERIA - TERMINO TEMATICO [R]
Término temático o nombre geográfico como elemento de entrada [NR] Piano
Subdivisión de forma [R] Métodos y ejercicios
9 (RLIN) 176876
650 #7 - ASIENTO SECUNDARIO DE MATERIA - TERMINO TEMATICO [R]
Término temático o nombre geográfico como elemento de entrada [NR] Piano
Subdivisión de forma [R] Partituras
9 (RLIN) 176595
942 ## - ELEMENTOS DE ENTRADA AGREGADOS (KOHA)
Sistema de clasificación DEWEY
Tema principal Arte
Tipo de ítem principal el descrito en 300a Libro
Edición 1
Clasificación 786.2
Parte restante de la signatura top. H247h
Título oculto en OPAC No
Existencias
Signatura topográfica Código de barras Última vez visto Ejemplar Costo de reposición Price effective from Tipo de ítem Nota pública (OPAC) Perdido Sistema de clasificación Dañado No prestable Tipo de ítem específico Suprimido Ubicación habitual Ubicación actual Localización Fecha de creación Forma de adquisición Costo
786.2 H247h 100171156 10/12/2025 Ej.1 26000.00 24/02/2023 Libro Spot Teatro Musical   DEWEY     Libro   Sede del emprendimiento y la innovación Sede del Emprendimiento, Innovación y Creación 1er piso 24/02/2023 Donación 0.00